| 000 | 01574nam a2200217Ia 4500 | ||
|---|---|---|---|
| 003 | Ost | ||
| 005 | 20260507075311.0 | ||
| 008 | 260507s9999||||xx |||||||||||||| ||und|| | ||
| 040 | _cfsecg | ||
| 041 | _aara | ||
| 082 | _a330 | ||
| 100 |
_aدويدار، محمد _eمؤلف |
||
| 245 | 0 |
_aمبادئ الاقتصاد السياسي : _bالاقتصاد النقدي / _c محمد دويدار |
|
| 260 |
_aالاسكندرية: _bدار الجامعة الجديدة, _c2008 |
||
| 300 |
_a429 صفحة؛ _c25 سم |
||
| 520 | _a1)لتعريف بالنقود:نشأة النقود و تطورها مع اقتصاد المبادلة ، النقودابتداءا من القيمة و النظام النقدي و النظام النقدي المصري 2)المؤسسات النقدية : النظام المصرفي في ظل طريقة الانتاج الرأسمالية بتناول كل من الرأسماليةالصناعية و نشأة النظام المصرفي التنافسي و تطور النظام المصرفي ابتداء من منتصف القرن التاسع عشر 3)النقود و نظريات أداء الاقتصاد الرأسمالي : الناتج الاجتماعي و كيفية حسابه ، النقود و نظرية الكلاسيك في أداء الاقتصاد الرأسمالي و النظرية النقدية الكينزية في أداء الاقتصاد الرأسمالي . | ||
| 653 | _aالاقتصاد الرأسمالي | ||
| 653 | _aالاقتصاد السياسي | ||
| 653 | _aالنقود | ||
| 942 | _cكتاب | ||
| 999 |
_c43867 _d43867 |
||